| 000 | 01126nac a22002411u 4500 | ||
|---|---|---|---|
| 010 | _a 2006283003 | ||
| 020 | _a0072262656 (pbk.) | ||
| 082 | 0 | 0 |
_a005.756 _bH849 |
| 090 |
_c2794 _d2794 |
||
| 100 | _aHowson, Cindi. | ||
| 245 | 1 | 0 |
_aBusiness Objects XI : _bthe complete reference / _cCindi Howson. |
| 260 |
_aNew York :2006. _bMcGraw-Hill Professional,2006 _c2006. |
||
| 300 |
_axxii, 650 p. : _bill. ; _c24 cm. |
||
| 504 | _aIncludes bibliographical references (p. 637-638) and index. | ||
| 650 | 0 | _aRelational databases. | |
| 650 | 0 |
_aBusiness _xData processing. |
|
| 650 | 0 |
_aBusiness intelligence _xData processing. |
|
| 856 | 4 | 2 |
_3Contributor biographical information _uhttp://www.loc.gov/catdir/enhancements/fy0668/2006283003-b.html |
| 856 | 4 | 2 |
_3Publisher description _uhttp://www.loc.gov/catdir/enhancements/fy0668/2006283003-d.html |
| 856 | 4 | 2 |
_3Table of contents only _uhttp://www.loc.gov/catdir/enhancements/fy0668/2006283003-t.html |
| 942 |
_cBB _k005.756H849 |
||
| 999 |
_c2794 _d2794 |
||